Česko - anglický odborný slovník motorových vozidel

Salvato in:
Dettagli Bibliografici
Autore principale: Vlk, František (Autore)
Natura: Libro
Lingua:ceco
Pubblicazione: Brno : VLK, 2005
Edizione:1. vyd.
Soggetti:
Tags: Aggiungi Tag
Nessun Tag, puoi essere il primo ad aggiungerne!!

MARC

LEADER 00000nam a22000003a 4500
001 stu112923
005 20150617225836.2
008 060307s2005----xr------------------cze-d
020 |a 80-329-4022-8 
040 |a STU  |b slo 
041 0 |a cze 
044 |a xr 
080 |a 629.33(038) =850 =20 
100 1 |a Vlk, František  |4 aut 
245 1 |a Česko - anglický odborný slovník motorových vozidel 
250 |a 1. vyd. 
260 |a Brno :  |b VLK,  |c 2005 
300 |a 310 s 
650 7 |a motorové vozidlá  |2 stusub 
650 7 |a slovníky česko anglické  |2 stusub 
996 |b 284J033869  |c J*109669  |l JJST  |s P  |a 0  |w stu112923_0001 
996 |b 284EK86102  |c E*86102  |l EE01  |s A  |a 24  |w stu112923_0002